LDR 00762naa#a2200169#i#450# 001 RU\\bibl\105942 005 20260419034748.7 011 ## _a2949-0979 100 ## _a20260330b2026####ek#y0rusy0150####ca 102 ## _aRU 200 1# _aОб особенностях досудебного периода уголовного судопроизводства Турецкой Республики _eЖурнальная статья 210 1# _aУфа _cУфимский юридический институт МВД России _d2026 215 ## _a8 с. 608 ## _aЖурнальная статья _2local 675 ## _aУголовно-процессуальное право. 343.13 _z 700 #1 _aКаац _gМарина Эвальдовна 856 4# _aobshtestvo-uyi.editorum.ru _u